000 02710nam a2200277Ii 4500
008 221202s xx 000 0 und d
245 4 _aThe Value of Hawaiʻi 3
246 _aHulihia, the Turning
264 _bUniversity of Hawai'i Press
_c2020
300 _a1 online resource
336 _atext
_btxt
_2rdacontent
337 _acomputer
_bc
_2rdamedia
338 _aonline resource
_bcr
_2rdacarrier
520 _a“Hulihia” refers to massive upheavals that change the landscape, overturn the normal, reverse the flow, and sweep away the prevailing or assumed. We live in such days. Pandemics. Threats to ʻāina. Political dysfunction, cultural appropriation, and disrespect. But also powerful surges toward sustainability, autonomy, and sovereignty. The first two volumes of The Value of Hawaiʻi (Knowing the Past, Facing the Future and Ancestral Roots, Oceanic Visions) ignited public conversations, testimony, advocacy, and art for political and social change. These books argued for the value of connecting across our different expertise and experiences, to talk about who we are and where we are going. In a world in crisis, what does Hawaiʻi’s experience tell us about how to build a society that sees opportunities in the turning and changing times? As islanders, we continue to grapple with experiences of racism, colonialism, environmental damage, and the costs of modernization, and bring to this our own striking creativity and histories for how to live peacefully and productively together. Steered by the four scholars who edited the previous volumes, The Value of Hawaiʻi 3: Hulihia, the Turning offers multigenerational visions of a Hawaiʻi not defined by the United States. Community leaders, cultural practitioners, artists, educators, and activists share exciting paths forward for the future of Hawaiʻi, on topics such as education, tourism and other economies, elder care, agriculture and food, energy and urban development, the environment, sports, arts and culture, technology, and community life. These visions ask us to recognize what we truly value about our home, and offer a wealth of starting points for critical and productive conversations together in this time of profound and permanent change.
653 _aHistory
653 _aIndigenous Studies
653 _aRegional Studies
653 _aSocial Science
653 _aSocial Science
700 1 _aGoodyear-Ka‘ōpua, Noelani
700 1 _aHowes, Craig
700 1 _aOsorio, Jonathan Kay Kamakawiwoʻole
700 1 _aYamashiro, Aiko
856 _uhttps://library.oapen.org/bitstream/20.500.12657/47568/1/external_content.epubhttps://library.oapen.org/handle/20.500.12657/47568
942 _cE-BOOK
999 _c66979
_d66979